Shan (Record no. 603111)

000 -LEADER
fixed length control field 00358nam a22001457a 4500
020 ## - INTERNATIONAL STANDARD BOOK NUMBER
International Standard Book Number 0586071652
082 ## - DEWEY DECIMAL CLASSIFICATION NUMBER
Classification number 813.54
Author Mark LUS
100 ## - MAIN ENTRY--PERSONAL NAME
Personal name Lustbader, Eric Van
245 ## - TITLE STATEMENT
Title Shan
260 ## - PUBLICATION, DISTRIBUTION, ETC.
Place of publication, distribution, etc. London:
Name of publisher, distributor, etc. Grafton Books;
Date of publication, distribution, etc. 1987.
300 ## - PHYSICAL DESCRIPTION
Extent 656p
563 ## - BINDING INFORMATION
Binding note PB
650 ## - SUBJECT ADDED ENTRY--TOPICAL TERM
Topical term or geographic name entry element Adventure stories
-- Fiction
-- Taoist literature
942 ## - ADDED ENTRY ELEMENTS (KOHA)
Source of classification or shelving scheme
Koha item type Book
650 ## - SUBJECT ADDED ENTRY--TOPICAL TERM
-- 117985
Holdings
Withdrawn status Lost status Source of classification or shelving scheme Damaged status Not for loan Permanent Location Current Location Shelving location Date acquired Source of acquisition Total Checkouts Full call number Barcode Date last seen Price effective from Koha item type
          Central Library (CL) Central Library (CL) Children Section 09/17/2023 Donation   813.54 LUS CL-D-2449 09/17/2023 09/17/2023 Children Section
© 2023 Central Library, National University of Sciences and Technology. All Rights Reserved.